000 00404nam a22001577a 4500
020 _a978-81-264-7362-5
082 _a823
_bNAY/H
100 _aNAYAR, NANDINI
245 _aHOUSE HE HAUNTED & OTHER STORIES
_bSHORT STORY
246 _aHOUSE HE HAUNTED & OTHER STORIES
_bSHORT STORY
260 _aKOTTAYAM
_bDC BOOKS
_c2017
300 _a84
520 _aSHORT STORY
650 _aSHORT STORY
942 _cBK
999 _c2884
_d2884